00555nam a2200145Ia 4500020001800000082001900018245004400037260002800081440003600109500018900145650001100334650002400345650002000369700002000389 a9780415413237 aRR 153.12 MEM- 0aMemory: critical concepts in psychology aLondonbRoutledgec2008 aCritical concepts in psychology acontents: 4 vols. Vol . 1 (Structure of memory) , (xxviii, 522p.) - v.2 (Memory processes), (xi, 588p.) - v.3 (Working memory), (xi, 919p.) - v.4 (Constraints on memory), (xi, 615p.) aMemory aMemory and learning aNeuropsychology aAndrade, Jackie